| 000 | 00705nam a22001817a 4500 | ||
|---|---|---|---|
| 005 | 20251108165017.0 | ||
| 008 | 250721s1985 xx 000 0 ara d | ||
| 082 | 1 | 4 | _a956.0639/سلي |
| 100 | 1 | _aسليمان، أحمد عبد الكريم | |
| 245 | 1 | 0 | _aتيمورلنك و دولة المماليك الحراكسة مع ترجمة مقال الكاتب اللاتيني دي ميجنانللي عن حياة تيمورلنك / |
| 264 | 1 |
_aالقاهرة : _bدار النهضة العربية للنشر و التوزيع، _c1985. |
|
| 300 | _a48ص | ||
| 650 | 1 | 7 | _aالمغول |
| 650 | 1 | 7 | _aتاريخ العرب |
| 650 | 1 | 7 | _aالمماليك 1250-1517 |
| 942 |
_2ddc _cBK |
||
| 999 |
_c19810 _d19810 |
||